000 00409nam a2200169 4500
999 _c9820
_d9820
020 _a9971073803(Paperback)
082 _a519.5ONG
100 _aOng, E H
245 _aMechanics and Statistics
260 _aSingapore:
_bEducational Publishers,
_c1990.
300 _a307p. ;
650 _aMathematical statistics
650 _aMathematics
650 _aMechanics
650 _aStatistics
942 _cBK